Tróny z kameňa

Bibliographic Details
Main Author: Ducár, Ján (Author)
Format: Article
Language:Slovak
Subjects:

MARC

LEADER 00000nab a2200000 a 4500
001 vtls000986714
003 SK-MaSNL
005 20260305041328.0
008 250505e20000000xo 0 slo
035 |a PO10106 
035 |a urn:nbn:sk:snk-ab2vtx 
035 |a (urnnbn)urn:nbn:sk:snk:ar-a030fu 
035 |a (uuid)af120987-7ad5-4b66-9ecf-d34afba552cc 
040 |a SNKBUCL  |b slo  |c SNKBUCL  |e AACR2 
041 0 |a slo 
044 |a xo  |c SK 
080 |a 502.64  |2 1981 
100 1 |a Ducár, Ján  |4 aut  |9 428049 
245 1 0 |a Tróny z kameňa 
650 0 7 |a prírodné výtvory  |2 POKPOH  |9 58102 
650 0 7 |a povesti  |2 POKPOH  |9 30120 
650 0 7 |a legenda  |2 POKPOH  |9 75493 
651 7 |a Jánošíkova skala (Víťaz, Slovensko)  |2 POKPOH  |9 1621744 
651 7 |a Víťaz (Slovensko)  |2 POKPOH  |9 57083 
651 7 |a Prešov (Slovensko : okres)  |2 POKPOH  |9 28797 
773 0 |t Krásy Slovenska  |g Roč. 77, č.9-10 (2000), s. 9-10 
850 |a Slovenská národná knižnica 
852 |a Slovenská národná knižnica 
954 |a odborná, vedecká literatúra pôvodná (slovenská)  |2 lita 
958 |a article27 
958 |a OND 
958 |a EUIPO 
999 |c 3343222  |d 3345152